Normal view MARC view
  • Geophysics.

Entry Topical Term

Number of records used in: 4

001 - CONTROL NUMBER

  • control field: 22992

003 - CONTROL NUMBER IDENTIFIER

  • control field: NUST

005 - DATE AND TIME OF LATEST TRANSACTION

  • control field: 20191008095119.0

008 - FIXED-LENGTH DATA ELEMENTS

  • fixed length control field: 191008|| aca||aabn | a|a d

040 ## - CATALOGING SOURCE

  • Original cataloging agency: NUST
  • Transcribing agency: NUST

150 ## - HEADING--TOPICAL TERM

  • Topical term or geographic name entry element: Geophysics.

670 ## - SOURCE DATA FOUND

  • Source citation: Work cat.: (NUST)0: Sirles, Phil C. 22989, Use of geophysics for transportation projects /, c2006.
© 2023 Central Library, National University of Sciences and Technology. All Rights Reserved.